Odgadnij miasto po nazwie stacji kolejowej - Statystyki

Ogólne statystyki
  • Ten quiz został rozwiązany 143 razy
  • Średni wynik to 11 z 20
Statystyki odpowiedzi
Nazwa stacji Miasto % Poprawnych
[Nazwa miasta] Wrzeszcz Gdańsk
90%
[Nazwa miasta] Orłowo Gdynia
82%
[Nazwa miasta] Dąbie Szczecin
82%
[Nazwa miasta] Wesoła Warszawa
80%
[Nazwa miasta] Bieżanów Kraków
75%
[Nazwa miasta] Mikołajów Wrocław
74%
[Nazwa miasta] Ligota Katowice
71%
[Nazwa miasta] Stradom Częstochowa
69%
[Nazwa miasta] Chojny Łódź
68%
[Nazwa miasta] Garbary Poznań
55%
[Nazwa miasta] Wyścigi Sopot
52%
[Nazwa miasta] Zielone Wzgórza Białystok
49%
[Nazwa miasta] Kluczyki Toruń
38%
[Nazwa miasta] Staroniwa Rzeszów
35%
[Nazwa miasta] Nowy Kisielin Zielona Góra
32%
[Nazwa miasta] Zemborzyce Lublin
28%
[Nazwa miasta] Likusy Olsztyn
25%
[Nazwa miasta] Grotowice Opole
24%
[Nazwa miasta] Osowa Góra Bydgoszcz
22%
[Nazwa miasta] Lipnik Bielsko-Biała
20%
Nie znaleziono quizów pasujących do podanych kryteriów
Rozkład punktacji
Procent ludzi z każdym wynikiem
Percentyl według liczby udzielonych odpowiedzi
Twoja historia wyników
Nie rozwiązałeś tego quizu